Estadísticas para Calles, avenidas y bulevares famosos #3

Haz click aquí para intentar la prueba.

Estadísticas generales

  • Esta prueba ha sido intentada 2 veces
  • La puntuación promedio es 2 de 12

Estadísticas de respuestas

PistaNombre de la vía% Correcto
Bulevar de 15 cuadras de longitud, probablemente la vía más famosa de Los Ángeles por albergar el Paseo de la Fama y numerosas edificaciones como el Teatro Dolby y el Teatro Chino.Hollywood Boulevard
100%
Gran avenida que constituye el paseo marítimo de Alejandría, delimita toda la bahía que sitúa la ciudad. Es uno de los grandes atractivos turísticos de Egipto.La Corniche
50%
Carretera interestatal construida con el fin de conectar las ciudades de Chicago con Los Ángeles, también es conocida como La Madre Carretera (The Mother Road).Ruta 66
50%
Pequeña calle en Nueva Orleans, famosa por, además de sus bares y restaurantes, ser paso obligatorio del Mardi Gras.Bourbon Street
0%
Bulevar, mejor conocido como "La Costera" que recorre el límite marítimo de la ciudad de Acapulco.Bulevar Miguel Alemán
0%
Calle londinense donde numerosas estrellas del mundo musical, como The Who, Rolling Stones y Jimi Hendrix, se presentaron por primera vez.Carnaby Street
0%
Calle en Sídney, es muchas veces llamada "la Gran Vía versión Australiana". Atraviesa el Central Business District de la ciudad.George Street
0%
Pequeña calle parisina que alberga uno de los edificios más emblemáticos de Europa: Le Moulin Rouge.La Pigalle
0%
Avenida en Los Ángeles internacionalmente conocida por ser un paraíso de las compras. Mundialmente conocida por hacer presencia en películas como "Mujer bonita".Rodeo Drive
0%
Avenida ubicada en el viejo Montreal, en ella se ubican edificios emblemáticos del país como el Mercado Bonsecours y la Notre-Dame-de-Bon-Secours Chapel.Rue Saint-Paul
0%
Calle pequeña conocida por presentar diversos murales que expresan los históricos conflictos en Belfast.The Falls Road
0%
Bulliciosa avenida en Edimburgo que encuentra su fin en el Palacio de Edimburgo, además de tener el Palacio de Holyrood. De igual forma, en la antigüedad, era famosa por concentrar cazadores de brujas.The Royal Mile
0%

Distribución de puntuación

Porcentaje por número respondido

Porcentaje de gente con cada puntuación

Historial de tus puntuaciones

No has intentado esta prueba.